|
|
|
|
| LEADER |
00000nab a2200000 4500 |
| 001 |
vtls012271621 |
| 003 |
SK-MaSNL |
| 005 |
20260318114130.0 |
| 008 |
250219c2018 xo br|p || ||00 c0ukr |
| 015 |
|
|
|a SNBRB2025/02
|
| 038 |
|
|
|a SVKPOCL
|
| 040 |
|
|
|a SVKPOCL
|b slo
|c SVKPOCL
|e rda
|
| 041 |
0 |
|
|a ukr
|
| 043 |
|
|
|a e-xo---
|a e-un---
|
| 044 |
|
|
|a xo
|c SK
|
| 072 |
|
7 |
|a 94(47)
|x Dejiny krajín východnej Európy
|2 konspekt
|
| 072 |
|
7 |
|a 930.85
|x Dejiny civilizácie. Kultúrne dejiny
|2 konspekt
|
| 080 |
|
|
|a 94(477)"1950/1970"
|2 2011
|
| 080 |
|
|
|a 94(477)"19"
|2 2011
|
| 080 |
|
|
|a 82-92:94
|2 2011
|
| 080 |
|
|
|a (477)
|2 2011
|
| 080 |
|
|
|a (437.6)
|2 2011
|
| 080 |
|
|
|a (437)
|2 2011
|
| 100 |
1 |
|
|a Mušinka, Mikuláš,
|d 1936-2024
|4 aut
|9 99915
|
| 245 |
1 |
0 |
|a Zakarpattja «vidnajšlo» Prjašivs'ku Rus'-Ukrajinu»
|c Mykola Mušynka
|
| 300 |
|
|
|b Fotografie
|
| 336 |
|
|
|a text
|b txt
|2 rdacontent
|
| 337 |
|
|
|a bez média
|b n
|2 rdamedia
|
| 338 |
|
|
|a zväzok
|b nc
|2 rdacarrier
|
| 500 |
|
|
|a V rubrike Recenziji
|
| 630 |
0 |
7 |
|a Vidnajdennja Prjašivs'koji Rusi-Ukrajiny. Tom 1
|f (2017)
|2 svkpocl
|9 1633081
|
| 650 |
0 |
7 |
|a publicistika
|2 SNKPH
|9 19168
|
| 650 |
0 |
7 |
|a národné dejiny
|2 svkpocl
|9 28945
|
| 650 |
0 |
7 |
|a národná suverenita
|2 svkpocl
|9 837998
|
| 650 |
0 |
7 |
|a vlastenectvo
|2 SNKPH
|9 16817
|
| 650 |
0 |
7 |
|a hnutie za nezávislosť
|2 SNKPH
|9 4733
|
| 650 |
0 |
7 |
|a ukrajinská inteligencia
|2 SNKPH
|9 1330929
|
| 650 |
0 |
7 |
|a dejiny
|2 svkpocl
|9 3825
|
| 650 |
0 |
7 |
|a publicistické state
|2 svkpocl
|9 1604110
|
| 650 |
0 |
7 |
|a prešovský fenomén
|2 svkpocl
|9 1348497
|
| 650 |
0 |
7 |
|a ukrajinskí spisovatelia
|2 SNKPH
|9 66678
|
| 651 |
|
7 |
|a Ukrajina
|2 SNKPHgeo
|9 168045
|
| 651 |
|
7 |
|a Prešov (Slovensko)
|2 SNKPHgeo
|9 17347
|
| 651 |
|
7 |
|a Prešovská Rus
|x dejiny
|2 svkpocl
|9 1633082
|
| 651 |
|
7 |
|a Československo
|2 SNKPHgeo
|9 21376
|
| 651 |
|
7 |
|a Podkarpatská Rus
|2 SNKPH
|9 56369
|
| 773 |
0 |
|
|t Duklja
|g Rik vydannja 66, № 1 (2018), s. 83-87
|x 0419-8131
|
| 787 |
0 |
8 |
|i Recenzia:
|t Vidnajdennja Prjašivs'koji Rusi-Ukrajiny. Tom 1
|d Užhorod : Vydavnyctvo «Gražda» ; Iniciatyva «Akademija ukrajins'koji mižderžavnoji sumižnosti» ; Istoryčnyj klub «Karpats'ka Ukrajina», 2017
|z 9786177392070
|
| 852 |
|
|
|a SVKPO
|b KIS3GCP
|
| 958 |
|
|
|a SS
|
| 958 |
|
|
|a UA
|
| 958 |
|
|
|a LX
|
| 958 |
|
|
|a BC
|
| 958 |
|
|
|a NM
|
| 958 |
|
|
|a RC
|
| 999 |
|
|
|c 3365239
|d 3367169
|